000 00388nam a2200133Ia 4500
001 452
008 241024s9999 xx 000 0 und d
082 _aRD/373.7293R426e/10
100 _aRepública Dominicana.Secretaria de Estado de Educación y Cultura
245 0 _aEducación Media, Gestión Educativa 2000
260 _bSEEC
_c2000
901 _a10/11/2010 11:41:41 a.m.
999 _c8548
_d8548